000 00414nam a2200157Ia 4500
003 GCL
008 140319s9999 xx 000 0 eng d
040 _aGCL /
_cGCL
082 0 4 _a297.1
_bA E
100 1 _aARKOUN, MOHAMED
245 1 0 _aESSAIS SUR LA PENSEE ISLAMIQUE /
_cARKOUN, MOHAMED
260 _a[S.N] :
_bEDITIONS MAISONNEWUE ET LAROUSS ،
_c1984
300 _a351 P
650 0 4 _aISLAM
942 _2ddc
_cBK
999 _c12730
_d12730